| 000 | 00390nam a2200109Ia 4500 | ||
|---|---|---|---|
| 008 | 160909s9999 xx 000 0 und d | ||
| 100 | _aBenson, Bob. | ||
| 245 | _aLeadership development for regional capacity: Effects of the LEAD San Diego program | ||
| 260 |
_bPepperdine University. _c2016 |
||
| 650 | _aENTREPRENEURSHIP | ||
| 856 | _uhttp://pqdtopen.proquest.com/doc/1796864370.html?FMT=ABS | ||
| 999 |
_c304410 _d304410 |
||